000 00501nam a2200145Ia 4500
008 100204s9999 xx 000 0 und d
082 _b12979
100 _aमिसळ शांता
245 _aस्वर एका स्वाराचा
260 _b"अनिरुध्द प्रकाशन, पुणे"
_c1990
300 _a184
630 _aस्वर एका स्वाराचा
730 _aस्वर एका स्वाराचा
942 _cBOOK
999 _c457411
_d457408